| 000 | 00482nam a2200169Ia 4500 | ||
|---|---|---|---|
| 003 | GCL | ||
| 008 | 140319s9999 xx 000 0 ara d | ||
| 040 |
_aGCL / _cGCL |
||
| 082 | 0 | 4 |
_aد _b050 |
| 100 | 1 | _aمنيرة كفافى | |
| 245 | 1 | 0 |
_aفى ذكرى 15 مايو 1948 عندما استشهد ابى (اقرا 397 ) / _cمنيرة كفافى |
| 300 | _a190 | ||
| 490 |
_aاقرأ _v0 |
||
| 650 | 0 | 4 | _aتراجم ذاتية |
| 650 | 0 | 4 | _aمنيرة كفافى |
| 942 |
_2ddc _cBK |
||
| 999 |
_c48747 _d48747 |
||